000 00570nam a2200229Ia 4500
003 OSt
005 20220928144813.0
006 a|||||r|||| 00| 0
007 ta
008 220927b |||||||| |||| 00| 0 eng d
024 _a76193
037 _cTextual
040 _aSDCL
_cSDCL
_beng
041 _2eng
_aeng
082 _aV2:11'N77t, L8
100 _aDayal John
_9403814
245 0 _aShah commission begins.
260 _c1978
700 _a Bose Ajoy
942 _hV2:11'N77t, L8
_cTEXL
_2CC
999 _c829748
_d829748